<?xml version="1.0" encoding="UTF-8"?>
<resp>
  <nextPage>https://data.bn.org.pl/api/networks/bibs.marcxml?marc=001+b00001150001528&amp;sinceId=1150001529</nextPage>
  <collection>
    <record xmlns='http://www.loc.gov/MARC21/slim'><leader>01252namZa2200361ZiZ4500</leader><controlfield tag='001'>b00001150001528</controlfield><controlfield tag='005'>20260402111727.1</controlfield><controlfield tag='008'>230609s        pl           |000 0 pol c</controlfield><controlfield tag='009'>9913261618305606</controlfield><datafield ind1=' ' ind2=' ' tag='020'><subfield code='a'>8324121927</subfield></datafield><datafield ind1=' ' ind2=' ' tag='035'><subfield code='a'>KR_1KR_1_20120317225714054443-48omnis_kr</subfield></datafield><datafield ind1=' ' ind2=' ' tag='035'><subfield code='a'>KR_1_20120317225714054443</subfield><subfield code='9'>ExL</subfield></datafield><datafield ind1=' ' ind2=' ' tag='035'><subfield code='a'>(PL)b00001150001528</subfield></datafield><datafield ind1=' ' ind2=' ' tag='040'><subfield code='a'>KR_1</subfield><subfield code='c'>KR_1</subfield></datafield><datafield ind1='1' ind2=' ' tag='041'><subfield code='a'>pol</subfield><subfield code='h'>ger</subfield></datafield><datafield ind1='1' ind2=' ' tag='100'><subfield code='a'>Schwarz, Gabriela</subfield></datafield><datafield ind1='1' ind2='0' tag='245'><subfield code='a'>Leki i kosmetyki z morskiej apteki /</subfield><subfield code='c'>Gabriela Schwarz ; przekł. Tomasz Dziedziczak.</subfield></datafield><datafield ind1=' ' ind2=' ' tag='260'><subfield code='a'>W-wa :</subfield><subfield code='b'>&quot;Amber&quot;,</subfield><subfield code='c'>2003.</subfield></datafield><datafield ind1=' ' ind2=' ' tag='300'><subfield code='a'>91 s. :</subfield><subfield code='b'>il. ;</subfield><subfield code='c'>24 cm.</subfield></datafield><datafield ind1='1' ind2=' ' tag='490'><subfield code='a'>Twoje Zdrowie</subfield></datafield><datafield ind1=' ' ind2=' ' tag='500'><subfield code='a'>n</subfield></datafield><datafield ind1=' ' ind2=' ' tag='502'><subfield code='a'>Na okł. podtyt.: morze źródłem zdrowia i urody.</subfield></datafield><datafield ind1=' ' ind2='9' tag='650'><subfield code='a'>Glony</subfield><subfield code='x'>zastosowanie</subfield><subfield code='x'>medycyna</subfield><subfield code='v'>wydawnictwa popularne</subfield></datafield><datafield ind1=' ' ind2='9' tag='650'><subfield code='a'>Kosmetyki</subfield><subfield code='v'>wydawnictwa popularne</subfield></datafield><datafield ind1=' ' ind2='9' tag='650'><subfield code='a'>Woda morska</subfield><subfield code='x'>zastosowanie</subfield><subfield code='x'>medycyna</subfield><subfield code='v'>wydawnictwa popularne</subfield></datafield><datafield ind1='1' ind2=' ' tag='700'><subfield code='a'>Dziedziczak, Tomasz</subfield><subfield code='e'>Tł.</subfield></datafield><datafield ind1=' ' ind2=' ' tag='852'><subfield code='b'>48OMNIS_NETWORK</subfield><subfield code='8'>9913261618305606</subfield></datafield><datafield ind1=' ' ind2=' ' tag='852'><subfield code='b'>48OMNIS_GLO</subfield><subfield code='8'>990004504420308411</subfield></datafield><datafield ind1=' ' ind2=' ' tag='852'><subfield code='8'>22726020650008411</subfield><subfield code='j'>1</subfield><subfield code='b'>014CC</subfield><subfield code='p'>01402-100001903</subfield><subfield code='c'>EKO</subfield><subfield code='z'>KS05/12710</subfield></datafield><datafield ind1=' ' ind2=' ' tag='920'><subfield code='a'>83-241-2192-7</subfield></datafield></record>
  </collection>
</resp>
